000
00326 a2200157 4500
001
186396
020
_a
85-7272-131-2
040
_c
Magnum
100
_a
Arrabal, Jose
240
1
0
_a
A ira do curupira
_l
por
245
1
0
_a
A ira do curupira
300
_a
63
362
0
_a
2001
697
_a
LITERATURA INFANTO
942
_c
BK
999
_c
186396
_d
186396